La genealogía de la moral
Enregistré dans:
| Auteur principal: | |
|---|---|
| Format: | Livre |
| Langue: | Undetermined |
| Publié: |
Madrid, España
Alianza
1972
|
| Sujets: | |
| Tags: |
Ajouter un tag
Pas de tags, Soyez le premier à ajouter un tag!
|
MARC
| LEADER | 00000nam a2200000Ia 4500 | ||
|---|---|---|---|
| 008 | 170316s9999 xx 000 0 und d | ||
| 090 | |a 100 N-6ge | ||
| 100 | |a Nietzsche, Friedrich | ||
| 245 | |a La genealogía de la moral | ||
| 260 | |a Madrid, España | ||
| 260 | |b Alianza | ||
| 260 | |c 1972 | ||
| 300 | |a 205 páginas | ||
| 650 | |a FILOSOFÍA | ||
| 650 | |a ÉTICA | ||
| 999 | |c 17172 |d 17172 | ||
| 040 | |a cru BVZT | ||
| 942 | |c 15 D |h 100 N-6ge |2 z | ||
